| 000 | 00909nam a2200229 a 4500 | ||
|---|---|---|---|
| 001 | 000005835 | ||
| 005 | 20260205083649.0 | ||
| 008 | 090824s1981 dr 000 0 spa d | ||
| 040 |
_aDO-SdBNP _bspa _cBNPHU |
||
| 082 |
_a346.043 _bR426c |
||
| 110 | 1 |
_aRepública Dominicana _bInstituto de Capacitación Tributaria de la Secretaría de Estado de Finanzas _916480 |
|
| 245 | 1 | 0 |
_aCatastro Nacional : _bbase legal. |
| 260 |
_aSanto Domingo : _bInstituto de Capacitación Tributaria, _c1981. |
||
| 300 |
_a59 p. ; _c21 cm. |
||
| 490 | 1 |
_aLegislativa _v1 |
|
| 500 | _aIncluye notas al pie de las páginas | ||
| 600 | 0 | 4 |
_aREPÚBLICA DOMINICANA. DIRECCIÓN GENERAL DEL CATASTRO NACIONAL _xLEGISLACIÓN _916481 |
| 650 | 4 |
_aBienes raíces _zRepública Dominicana _xLegislación _916482 |
|
| 650 | 4 |
_aRegistro de la propiedad _zRepública Dominicana _98463 |
|
| 650 | 0 |
_aCatastro _916483 |
|
| 830 | 0 |
_aLegislativa _n1 _916484 |
|
| 999 |
_c5631 _d5631 |
||